000
00339nam a2200145Ia 4500
005
20250423100700.0
008
250422s9999 xx 000 0 und d
020
_a
9039320500
100
_a
Haarhuis, C.
245
0
_a
Promoting Anti-Corruption Reforms
260
_a
iii, 338p.; 21cm.
260
_c
2005
300
_a
338 p
942
_c
BK
999
_c
34045
_d
34045